2026 NBA 6MOY Votes- Top 6 - Statistics

General Stats
  • This quiz has been taken 9 times
  • The average score is 3 of 6
Answer Stats
Hint Answer % Correct
#1 Keldon Johnson
100%
#2 Jaime Jaquez Jr.
63%
#4 Naz Reid
63%
#3 Tim Hardaway Jr.
25%
#6 Isaiah Stewart
13%
#5 Ajay Mitchell
0%
No matching quizzes found
Score Distribution
Percent of People with Each Score
Percentile by Number Answered
Your Score History
You have not taken this quiz